Star Wars: Lightsabers Hilts - Statistics

General Stats
  • This quiz has been taken 157 times
  • The average score is 13 of 16
Answer Stats
Picture Answer % Correct
Count Dooku
100%
Obi-Wan Kenobi
100%
Darth Maul
98%
Kylo ren
98%
Anakin Skywalker
94%
Luke Skywalker
91%
Yoda
89%
The Grand Inquisitor
88%
Asajj Ventress
84%
Mace Windu
84%
Darth Sidious
83%
Ahsoka Tano
81%
Ezra Bridger
81%
Rey
80%
Qui-Gon Jinn
61%
Gungi
34%
No matching quizzes found
Score Distribution
Percent of People with Each Score
Percentile by Number Answered
Your Score History
You have not taken this quiz